| 000 | 01027nam a2200325Ia 4500 | ||
|---|---|---|---|
| 003 | OSt | ||
| 005 | 20221007124955.0 | ||
| 006 | a|||||r|||| 00| 0 | ||
| 007 | ta | ||
| 008 | 221006b |||||||| |||| 00| 0 eng d | ||
| 020 | _a9781292221335 (pbk) | ||
| 024 | _a201039 | ||
| 037 |
_b491, 30/12/2019, A.J. Books _cTextual |
||
| 040 |
_aCDL _cCDL _beng |
||
| 041 |
_2eng _aeng |
||
| 082 | _aE, Q9 Carc | ||
| 100 |
_aNelson John H _9721154 |
||
| 245 | 0 |
_aLaboratory experiments for chemistry: The central science _b Kemp Kenneth C Lufaso Michael |
|
| 250 | _a14 | ||
| 260 |
_aHarlow _bPearson _c2019 |
||
| 300 |
_a673p. ill. _ccm. |
||
| 500 | _aAppendices A-P | ||
| 650 |
_a Behavior of gases _9721155 |
||
| 650 |
_a Crystalline solids _9721156 |
||
| 650 | _aChemistry | ||
| 700 |
_a Kemp Kenneth C _9721157 |
||
| 700 |
_a Lufaso Michael _9721158 |
||
| 942 |
_hE, Q9 Carc _cTEXL _2CC |
||
| 999 |
_c1214445 _d1214445 |
||